Fai[r Rosamond] Ga[?...] who wa[s King Henry] the Seco[nd's concubine], and put [to death] by Queen [Elinor, i]n the bower of Woodstock, near Oxford.

Bibliographic Details
Main Author: Deloney, Thomas, 1543?-1600
Format: eBook
Language:English
Series:Early American imprints. Evans (1639-1800) ; no. 40395.
Subjects:
Online Access:Evans Digital Edition

MARC

Tag First Indicator Second Indicator Subfields
LEADER 00000cam a2200000 a 4500
001 in00002139444
006 m e d #
007 cr mn mmmmabba
008 830802s1746 riua s 000 0 eng d
005 20260330214600.5
035 |z w027977 
035 |a MAAR8308023904B 
035 |9 mwa91-31257 
035 |a 317176 
035 |a aas03027977 
040 |a MWA  |c MWA  |e bdrb  |d UtOrBLW 
100 1 |a Deloney, Thomas,  |d 1543?-1600. 
240 1 0 |a Fair Rosamond 
245 1 0 |a Fai[r Rosamond] Ga[?...] who wa[s King Henry] the Seco[nd's concubine], and put [to death] by Queen [Elinor, i]n the bower of Woodstock, near Oxford. 
264 3 |a Newport [R.I.] :  |b Printed and sold by the Widow Franklin, at the town school-house,  |c 1746. 
300 |a 4+ pages :  |b illustrations ;  |c 16 cm. 
336 |a text  |b txt  |2 rdacontent 
337 |a computer  |b c  |2 rdamedia 
338 |a online resource  |b cr  |2 rdacarrier 
500 |a A ballad. The only known copy, held by the American Antiquarian Society, is imperfect; missing portions of title conjectured by Alden from Hazlitt. Attributed to Thomas Deloney in the Catalogue of English and American chap-books and broadside ballads in Harvard College Library, page 47. 
510 4 |a Bristol  |c B1314 
510 4 |a Shipton & Mooney  |c 40395 
510 4 |a Alden, J.E. Rhode Island,  |c 74 
530 |a Microform version available in the Readex Early American Imprints series. 
533 |a Electronic text and image data.  |b [Chester, Vt. :  |c Readex, a division of Newsbank, Inc.,  |d 2002-2004.  |e Includes files in TIFF, GIF and PDF formats with inclusion of keyword searchable text.  |f (Early American imprints. First series ; no. 40395). 
500 |a Electronic resource. 
600 1 0 |a Clifford, Rosamond,  |d -1176? 
600 0 0 |a Henry  |b II,  |c King of England,  |d 1133-1189. 
600 0 0 |a Eleanor,  |c of Aquitaine, Queen, consort of Henry II, King of England,  |d 1122?-1204. 
650 0 |a Concubinage  |z Great Britain. 
650 0 |a Mistresses  |z England  |v Biography. 
651 0 |a Great Britain  |x Court and courtiers  |v Biography. 
655 7 |a Ballads.  |2 rbgenr 
740 0 |a Fair Rosamond. 
752 |a United States  |b Rhode Island  |d Newport. 
830 0 |a Early American imprints.  |n Series I,  |p Evans (1639-1800) ;  |v no. 40395. 
856 4 1 |u http://proxy.library.tamu.edu/login?url=https://opac.newsbank.com/select/evans/40395  |y Evans Digital Edition  |t 0 
999 |a MARS 
999 f f |s e9028b0c-01d4-3af9-b2b3-9db8ee1958c9  |i 22ef34b8-6d78-35b3-bae7-3b23c70a5766  |t 0 
952 f f |a Texas A&M University  |b College Station  |c Electronic Resources  |s www_evans  |d Available Online  |t 0  |h No information provided 
998 f f |t 0  |l Available Online